Busiest Vancouver SkyTrain Stations - Statistics

General Stats
  • This quiz has been taken 228 times
  • The average score is 15 of 20
Answer Stats
Avg. Weekday Boardings Line Zone Station % Correct
39,260 Expo / Canada 1 Waterfront
99%
25,270 Expo / Millennium 1 Commercial-Broadway
91%
24,020 Expo 2 Metrotown
86%
20,840 Expo 1 Granville
83%
24,250 Expo 1 Burrard
82%
14,770 Canada 1 Broadway-City Hall
81%
12,110 Canada 2 Richmond-Brighouse
77%
13,110 Expo 3 Surrey Central
77%
14,320 Expo 3 King George
73%
15,080 Expo 1 Main Street-Science World
73%
17,210 Expo 1 Stadium-Chinatown
73%
15,890 Expo 2 New Westminster
71%
18,950 Canada 1 Vancouver City Centre
71%
11,000 Canada 1 Yaletown-Roundhouse
71%
14,680 Expo 1 Joyce-Collingwood
67%
12,910 Expo / Millennium 2 Lougheed Town Centre
67%
11,630 Canada 2 Bridgeport
65%
10,300 Canada 1 Marine Drive
64%
12,240 Expo 2 Edmonds
56%
10,450 Expo 2 22nd Street
45%
No matching quizzes found
Score Distribution
Percent of People with Each Score
Percentile by Number Answered
Your Score History
You have not taken this quiz